000 00679nam a2200181Ia 4500
008 090124s9999 xx 000 0 und d
082 _b27696
100 _aमुजावर इसाक
245 _a गुरुदत्त एक अशांत कलावंत
250 _a1
260 _b"श्रीविद्या प्रकाशन ,पुणे 30"
_c1989
300 _a138
600 _aमुजावर इसाक
630 _a गुरुदत्त एक अशांत कलावंत
700 _aमुजावर इसाक
730 _a गुरुदत्त एक अशांत कलावंत
942 _cBOOK
999 _c94441
_d94441